000 00283nam a22001337a 4500
008 170420b xxu||||| |||| 00| 0 eng d
020 _a9781928623267
041 _aeng
080 _a573
100 _a11
101 _aSHM
245 _aENTOMOLOGY
_cGANGWERE, S.K
942 _2udc
_cBK
999 _c11349
_d11349